Brawl Stars: Kit Skins by Picture - Statistics

General Stats
  • This quiz has been taken 63 times
    15 since last reset
  • The average score is 5 of 12
Answer Stats
Picture Answer % Correct
Billy the Kit
70%
True Gold Kit
70%
True Silver Kit
70%
KitBoxer
60%
LockpicKit
50%
Cuddly Kit
40%
KitBoxer Darkpaw
40%
Yuki Kit
40%
KitBoxer Goldpaw
30%
Siamese Kit
20%
Tabby Kit
20%
Calico Kit
10%
No matching quizzes found
Score Distribution
Percent of People with Each Score
Percentile by Number Answered
Your Score History
You have not taken this quiz since the last reset